<?xml version="1.0" encoding="UTF-8"?>
<record
    xmlns:xsi="http://www.w3.org/2001/XMLSchema-instance"
    xsi:schemaLocation="http://www.loc.gov/MARC21/slim http://www.loc.gov/standards/marcxml/schema/MARC21slim.xsd"
    xmlns="http://www.loc.gov/MARC21/slim">

  <leader>01810nam a22002177a 4500</leader>
  <controlfield tag="003">IT-MiCISF</controlfield>
  <controlfield tag="005">20240716121433.0</controlfield>
  <controlfield tag="008">240716b        |||||||| |||| 00| 0 eng d</controlfield>
  <datafield tag="020" ind1=" " ind2=" ">
    <subfield code="a">9788829017201</subfield>
  </datafield>
  <datafield tag="040" ind1=" " ind2=" ">
    <subfield code="c">IT-MiCISF</subfield>
  </datafield>
  <datafield tag="041" ind1=" " ind2=" ">
    <subfield code="a">it</subfield>
  </datafield>
  <datafield tag="100" ind1=" " ind2=" ">
    <subfield code="a">Giancola Orazio, Salmieri Luca</subfield>
    <subfield code="9">60890</subfield>
  </datafield>
  <datafield tag="245" ind1=" " ind2=" ">
    <subfield code="a">----vuoto----</subfield>
    <subfield code="b">----vuoto----</subfield>
  </datafield>
  <datafield tag="260" ind1=" " ind2=" ">
    <subfield code="a">Roma, </subfield>
    <subfield code="b">Carocci, </subfield>
    <subfield code="c">2023</subfield>
  </datafield>
  <datafield tag="300" ind1=" " ind2=" ">
    <subfield code="a">pp. 231</subfield>
  </datafield>
  <datafield tag="500" ind1=" " ind2=" ">
    <subfield code="a">scuola, stratificazione-sociale, famiglia, reddito, statistica</subfield>
  </datafield>
  <datafield tag="520" ind1=" " ind2=" ">
    <subfield code="a">Dibattito pubblico e senso comune associano erroneamente la povert&#xE0; educativa ai soli paesi in via di sviluppo, mentre &#xE8; invece molto diffusa anche in un paese avanzato come l&#x2019;Italia, dove si riproduce per via intergenerazionale, colpisce persino i diplomati e include una quota consistente di adulti. Nel nostro paese molti hanno smesso di &#x201C;imparare a imparare&#x201D; e hanno sovente dimenticato ci&#xF2; che hanno appreso a scuola. Mentre la politica si limita a fare della scuola il capro espiatorio, nessuno si preoccupa di comprendere come in realt&#xE0; sia il contesto culturale extrascolastico ad alimentare il fenomeno. Il volume, che raccoglie e integra ricerche empiriche sulle competenze di base non solo degli studenti ma dell&#x2019;intera popolazione italiana, spiega che cos&#x2019;&#xE8; la povert&#xE0; educativa, come se ne misurano l&#x2019;intensit&#xE0; e la diffusione, quali fattori ne influenzano la riproduzione, dove si nascondono le sue molteplici cause e in quali ambiti se ne osservano gli effetti pi&#xF9; sfavorevoli. Ne emerge un panorama allarmante, a fronte del quale i decisori politici dovrebbero reagire con interventi di ampio respiro, di lungo periodo e rivolti alla fetta pi&#xF9; ampia possibile della popolazione.</subfield>
  </datafield>
  <datafield tag="650" ind1=" " ind2=" ">
    <subfield code="a">Scuola</subfield>
  </datafield>
  <datafield tag="654" ind1=" " ind2=" ">
    <subfield code="a">saggio</subfield>
  </datafield>
  <datafield tag="942" ind1=" " ind2=" ">
    <subfield code="2">ddc</subfield>
    <subfield code="c">BK</subfield>
  </datafield>
  <datafield tag="999" ind1=" " ind2=" ">
    <subfield code="c">360197</subfield>
    <subfield code="d">360199</subfield>
  </datafield>
</record>
